Educare è ancora possibile (Record n. 358948)
[ formato base ]
| 000 -LEADER | |
|---|---|
| campo di controllo lung. fissa | 01964nam a22002057a 4500 |
| 003 - Identificatore del numero di controllo | |
| campo di controllo | IT-MiCISF |
| 005 - Data e orario dell'ultima transazione | |
| campo di controllo | 20201001115739.0 |
| 008 - Elementi di lunghezza fissa--Informazione generale | |
| campo di controllo lung. fissa | 201001b ||||| |||| 00| 0 eng d |
| 040 ## - Fonte della catalogazione | |
| Agenzia che fa la trascrizione | IT-MiCISF |
| 041 ## - Codice di lingua | |
| Codice di lingua del testo/traccia sonora o titolo separato | it |
| 100 ## - Accesso principale -- nome di persona | |
| Nome di persona | D'Auria Alberto |
| 9 (RLIN) | 58550 |
| 245 ## - Formulazione del titolo | |
| Titolo | Educare è ancora possibile |
| Complemento del titolo | Le difficoltà con i nostri figi: una sfida da raccogliere, un'occasione per crescere insieme |
| 260 ## - Pubblicazione, distribuzione, ecc. (stampa) | |
| Luogo di pubblicazione, distribuzione, ecc. | Cantalupa (TO) |
| Nome dell'editore, distributore, ecc. | Effatà |
| Data di pubblicazione, distribuzione, ecc. | 2020 |
| 300 ## - Descrizione fisica | |
| Estensione | pp. 207 |
| 500 ## - Nota generale | |
| Nota generale | educazione-familiare, educazione-genitori, crescita-bambini, nuovi-media |
| 520 ## - Riassunto, ecc. | |
| Nota di riassunto, ecc. | Quante volte abbiamo sentito dire che il «mestiere di genitore» è il più difficile del mondo. In effetti l'aver a che fare con la formazione e l'educazione di un individuo è una grande responsabilità ed è normale a volte provare un senso di smarrimento e di preoccupazione o la paura di essere inadeguati di fronte a questo grande compito. Non è facile, ma questo non significa arrendersi all'inevitabilità dello scontro con il figlio adolescente, o al fatto di commettere qualche errore: a tutti può capitare di sbagliare, l'importante è apprendere dai propri errori. Compito dei genitori è consegnare ai figli quegli «strumenti» di cui ogni individuo ha bisogno al fine di trovare un'integrazione sociale, una realizzazione personale e una partecipazione attiva al mondo che cambia. Questo libro non ha la pretesa di essere un compendio sull'educazione dei figli, ma vuole farci riflettere, fornirci idee e informazioni che possiamo utilizzare per migliorare il nostro modo di educare. Nell'educazione è importante conoscere sempre di più i nostri ragazzi per cercare di comprenderli e, in alcuni casi, aiutarli. Qualunque azione rivolta ai nostri figli deve essere sempre improntata all'amore incondizionato verso di loro, al rispetto che si deve ad ogni individuo e ad una abbondante dose di buon senso. |
| 650 ## - Accesso aggiunto di soggetto--termine topico | |
| Termine topico o nome geografico come accesso | educazione |
| 9 (RLIN) | 56062 |
| 654 ## - Accesso aggiunto di soggetto--termini topici faccettati | |
| Termine principale | saggio |
| 942 ## - Dati aggiuntivi (Koha) | |
| Fonte della classificazione o dello schema di collocazione (segnatura) | Dewey Decimal Classification |
| Tipo copia default (Koha) | LIBRO |
| Ritirato (status) | Perso (status) | Fonte della classificazione o dello schema di collocazione (segnatura) | Danneggiato (status) | Non per il presito | Biblioteca proprietaria | Biblioteca in cui si trova | Data d'acquisizione | Totale prestiti | Collocazione | Codice a barre | Data ultima operazione | Prezzo in vigore dal | Tipo copia default (Koha) |
|---|---|---|---|---|---|---|---|---|---|---|---|---|---|
| Dewey Decimal Classification | Buone Condizioni | Not For Loan | CISF - Milano | CISF - Milano | 01/10/2020 | b7603 | 9788869295102 | 01/10/2020 | 01/10/2020 | LIBRO |